| 000 | 00454nam a2200133Ia 4500 | ||
|---|---|---|---|
| 008 | 170221s9999 xx 000 0 und d | ||
| 100 | _aDelvin Seawright | ||
| 245 | _aPolitically skilled audit committee directors and audit committee diligence | ||
| 245 | _cDelvin Seawright, Lamar University. | ||
| 260 | _bJournal of Management and Marketing Research | ||
| 260 | _c2012 | ||
| 650 | _xBusiness | ||
| 856 | _uhttp://www.aabri.com/manuscripts/162456.pdf | ||
| 999 |
_c309676 _d309676 |
||